| 000 | 00480nam a2200169Ia 4500 | ||
|---|---|---|---|
| 008 | 151021s9999 xx 000 0 und d | ||
| 020 | _a51 | ||
| 050 | _aG155 .A1C674 2006 | ||
| 245 | _a_Tourism the business of travel.-3rd ed. Roy A.Cook | ||
| 260 | _aNew Jersey Pearson education 2006 | ||
| 300 | _axvii,489p.;ill | ||
| 500 | _aIncludes index. | ||
| 500 | _aIncludes index. | ||
| 650 | _a_Tourism | ||
| 700 | _a_Laaura J.Yale | ||
| 980 | _a^d20130520 04:11:05^oanne | ||
| 999 |
_c13515 _d13515 |
||